00648nam a22001937a 450000500170000001000150001702000260003203500140005803700090007208200110008124501080009225000060020026000320020627000910023830000200032970000330034970000400038270000320042220240919110830.0 aENG-141031 c400.00a9789395032322 aEN-124563 bDBAD a100.01 aPhilosophical Thinking/cEdited By K. Om Narayana Rao; Kailash Chandra Moharana [and] Pramod Kumar Dash a1 aOdishabAditya Bharatc2023 bCuttackaE-395, Sector-6, CDA, Cuttacke753014k9438177526madityabharat2019@gmail.com a336p.c22cm(pb) aRao, K. Om Narayana eEditor aMoharana , Kailash Chandra eEditor aDash, Pramod Kumar eEditor